Tranquebar-whose history?: (Record no. 179151)

MARC details
000 -LEADER
fixed length control field 00779nam a22002177a 4500
005 - DATE AND TIME OF LATEST TRANSACTION
control field 20210524162911.0
010 ## - LCCN (DPL NO)
LC control number B-739935
020 ## - INTERNATIONAL STANDARD BOOK NUMBER
International Standard Book Number 9788125053453
035 ## - SYSTEM CONTROL NUMBER
System control number B-739935
037 ## - SOURCE OF ACQUISITION
Source of stock number/acquisition Gift
082 ## - DEWEY DECIMAL CLASSIFICATION NUMBER
Classification number 954.8
100 ## - MAIN ENTRY--PERSONAL NAME
Personal name Jorgensen, Helle
245 00 - TITLE STATEMENT
Title Tranquebar-whose history?:
Remainder of title transnational cultural heritage in a former Danish trading colony in South India /
Statement of responsibility, etc by Helle Jorgensen
260 ## - PUBLICATION, DISTRIBUTION, ETC. (IMPRINT)
Place of publication, distribution, etc New Delhi
Name of publisher, distributor, etc Orient Blackswan
Date of publication, distribution, etc 2014
270 ## - ADDRESS
Address 1/24 Asaf Ali Road
City New Delhi
Postal code 110002
300 ## - PHYSICAL DESCRIPTION
Extent viii,356p.
Dimensions 22cm(Hb)
490 ## - SERIES STATEMENT
Series statement New perspectives in south asian history
500 ## - GENERAL NOTE
General note Includes bibliographical references and index
942 ## - ADDED ENTRY ELEMENTS (KOHA)
Source of classification or shelving scheme Dewey Decimal Classification
Item type English Books
Call number suffix JOR
Classification part 954.8
Holdings
Withdrawn status Lost status Not for loan Collection code Home library Current library Date acquired Source of acquisition Full call number Barcode Copy number Koha item type Public note
      Non-fiction Ashok Vihar Ashok Vihar 24/05/2021 Gift/Eng/03-05-2021 954.8 JOR B-739935 1 English Books Gift

© Delhi Public Library
Hit Counter
free hit counter